| 000 | 00618nam a22001817a 4500 | ||
|---|---|---|---|
| 005 | 20240404154847.0 | ||
| 010 | _aHIN-127267 | ||
| 020 |
_a97893892452219 _c1000.00 |
||
| 035 | _aHN-99613 | ||
| 037 | _bDBAD/PUB. | ||
| 082 | _a181.499 | ||
| 100 |
_aओशो _964313 |
||
| 245 |
_aकठोपनिषद / _bओशो |
||
| 260 |
_aदिल्ली _bअकलंक पब्लिकेशन _c2020 |
||
| 270 |
_a3622 मोरी गेट _bदिल्ली _e110006 |
||
| 300 |
_a382पृ; _c22 सेमी (सजिल्द) |
||
| 942 |
_adpl _cHN _2ddc _h181.499 _mकठोप |
||
| 999 |
_c201936 _d201936 |
||